[Event "YC 2019 Simultan Viswanathan Anand"]
[Site "Bad Soden, H+ Hotel"]
[Date "2019.10.03"]
[Round "1.1"]
[White "Anand, Viswanathan"]
[Black "Reichel, Jonathan"]
[Result "1/2-1/2"]
[WhiteElo "2765"]
[BlackElo "2118"]
[PlyCount "48"]
[EventDate "2019.10.03"]
[WhiteTeam "Baden Baden"]
[BlackTeam "SK 1926 Ettlingen"]

{Begonnen '16:30', beendet '19:06'} 1. d4 Nf6 2. Nf3 e6 3. Bf4 d5 4. Nbd2 c5 5.
e3 Nc6 6. Bb5 Qb6 7. c4 Bd7 8. dxc5 Bxc5 9. O-O O-O 10. Rc1 Rac8 11. Bg5 Be7
12. Nb3 dxc4 13. Bxc4 Rfd8 14. Qe2 Na5 15. Nxa5 Qxa5 16. Rfd1 Bc6 17. Bf4 Bd5
18. Bxd5 Nxd5 19. a3 Nxf4 20. exf4 Bf6 21. Rxd8+ Rxd8 22. g3 h6 23. Ne5 Bxe5
24. fxe5 Qd5 1/2-1/2

[Event "YC 2019 Simultan Viswanathan Anand"]
[Site "Bad Soden, H+ Hotel"]
[Date "2019.10.03"]
[Round "1.5"]
[White "Anand, Viswanathan"]
[Black "Spiekermann, Stefan"]
[Result "1/2-1/2"]
[WhiteElo "2765"]
[BlackElo "2032"]
[PlyCount "97"]
[EventDate "2019.10.03"]
[WhiteTeam "Baden Baden"]
[BlackTeam "SV Menden 1924"]

{Begonnen '16:30', beendet '20:38'} 1. c4 c5 2. g3 Nc6 3. Bg2 g6 4. Nf3 Bg7 5.
O-O e5 6. Nc3 d6 7. Ne1 Be6 8. d3 Nge7 9. Nc2 d5 10. cxd5 Nxd5 11. Ne3 Nxc3 12.
bxc3 Qd7 13. Qa4 Rc8 14. Bb2 O-O 15. c4 Nd4 16. Qd1 f5 17. Nd5 b5 18. e3 Nc6
19. cxb5 Bxd5 20. Bxd5+ Qxd5 21. bxc6 Rxc6 22. Qe2 Rd8 23. Rfd1 Rcd6 24. e4 Qe6
25. Ba3 Rc6 26. Rac1 Ra6 27. Bxc5 Rxa2 28. exf5 gxf5 29. Qf3 Ra5 30. Qb7 Qd7
31. Qb4 Qa4 32. Qxa4 Rxa4 33. Kf1 Kf7 34. Be3 Rd7 35. Ke2 Ra2+ 36. Rd2 Ra3 37.
Rc6 Ke8 38. h4 Kf7 39. h5 Bf6 40. h6 Be7 41. d4 exd4 42. Rxd4 Rxd4 43. Bxd4 Ra4
44. Be3 Rg4 45. Ra6 Rg6 46. Rxa7 Re6 47. Kf3 Kg6 48. Ra8 Bf6 49. Bf4 1/2-1/2

[Event "YC 2019 Simultan Viswanathan Anand"]
[Site "Bad Soden, H+ Hotel"]
[Date "2019.10.03"]
[Round "1.6"]
[White "Anand, Viswanathan"]
[Black "Modric, Vladimir"]
[Result "1-0"]
[WhiteElo "2765"]
[BlackElo "1930"]
[PlyCount "55"]
[EventDate "2019.10.03"]
[WhiteTeam "Baden Baden"]
[BlackTeam "SC 1961 König Nied"]

{Begonnen '16:30', beendet '19:40'} 1. e4 g6 2. d4 Bg7 3. Nc3 d6 4. f4 a6 5.
Nf3 b5 6. Bd3 e6 7. O-O Ne7 8. Qe1 Bb7 9. a4 b4 10. Ne2 c5 11. f5 exf5 12. exf5
O-O 13. Bg5 f6 14. Bd2 g5 15. Ng3 h6 16. Bc4+ Kh8 17. Be6 Nbc6 18. c3 a5 19. d5
Ne5 20. Nxe5 dxe5 21. c4 Bc8 22. Qe4 Qd6 23. b3 Bd7 24. Rad1 Nc8 25. Qg4 Qe7
26. Be3 Nb6 27. Ne4 Rfc8 28. Nxc5 1-0

[Event "YC 2019 Simultan Viswanathan Anand"]
[Site "Bad Soden, H+ Hotel"]
[Date "2019.10.03"]
[Round "1.7"]
[White "Anand, Viswanathan"]
[Black "Ehrlacher, Markus"]
[Result "1/2-1/2"]
[WhiteElo "2765"]
[BlackElo "1945"]
[PlyCount "60"]
[EventDate "2019.10.03"]
[WhiteTeam "Baden Baden"]
[BlackTeam "SC Iffezheim"]

{Begonnen '16:30', beendet '19:48'} 1. Nf3 d5 2. e3 Nf6 3. c4 c6 4. Nc3 e6 5.
b3 Nbd7 6. Bb2 Be7 7. Qc2 b6 8. d4 Bb7 9. cxd5 cxd5 10. Bd3 h6 11. O-O O-O 12.
Rfc1 Rc8 13. Qe2 Rc7 14. Nb5 Rxc1+ 15. Rxc1 Qb8 16. Ne5 Rc8 17. Rxc8+ Qxc8 18.
Nxd7 Nxd7 19. Qd2 a6 20. Ba3 Bxa3 21. Nxa3 Nb8 22. Nc2 Qc7 23. Ne1 a5 24. h3
Ba6 25. Kf1 Bxd3+ 26. Nxd3 Nd7 27. Qc1 Qxc1+ 28. Nxc1 Kf8 29. Ke2 Ke7 30. Kd3
Kd6 1/2-1/2

[Event "YC 2019 Simultan Viswanathan Anand"]
[Site "Bad Soden, H+ Hotel"]
[Date "2019.10.03"]
[Round "1.11"]
[White "Anand, Viswanathan"]
[Black "Stock, Ulrich"]
[Result "1/2-1/2"]
[WhiteElo "2765"]
[BlackElo "2032"]
[PlyCount "92"]
[EventDate "2019.10.03"]
[WhiteTeam "Baden Baden"]
[BlackTeam "FC St. Pauli 1910"]

{Begonnen '16:30', beendet '20:34'} 1. Nf3 Nf6 2. e3 g6 3. b3 Bg7 4. Bb2 O-O 5.
c4 c5 6. Be2 Nc6 7. O-O d5 8. cxd5 Nxd5 9. Bxg7 Kxg7 10. Qc1 Qd6 11. Nc3 b6 12.
Rd1 Bb7 13. d4 Nxc3 14. Qxc3 cxd4 15. Nxd4 Qf6 16. Rac1 Rac8 17. Nxc6 Qxc3 18.
Rxc3 Bxc6 19. Rdc1 Bd7 20. Rc7 a5 21. Kf1 Be6 22. Ba6 Rxc7 23. Rxc7 Ra8 24. Bc4
Rc8 25. Rxc8 Bxc8 26. Ke2 e5 27. f4 exf4 28. exf4 f6 29. Ke3 Kf8 30. Kd4 Ke7
31. Bd3 Kd6 32. g3 Bd7 33. h4 Be8 34. g4 h6 35. g5 hxg5 36. fxg5 fxg5 37. hxg5
Bf7 38. Be2 Be6 39. Bd3 Bf7 40. Bc2 Be8 41. a3 Bf7 42. b4 axb4 43. axb4 Be8 44.
Bb3 Bd7 45. Bc2 Be8 46. Bb1 Bf7 1/2-1/2

[Event "YC 2019 Simultan Viswanathan Anand"]
[Site "Bad Soden, H+ Hotel"]
[Date "2019.10.03"]
[Round "1.13"]
[White "Anand, Viswanathan"]
[Black "Noppes, Marina"]
[Result "1/2-1/2"]
[WhiteElo "2765"]
[BlackElo "1599"]
[PlyCount "47"]
[EventDate "2019.10.03"]
[WhiteTeam "Baden Baden"]
[BlackTeam "SF Deizisau"]

{Begonnen '16:30', beendet '19:10'} 1. e3 Nf6 2. Nf3 g6 3. b4 Bg7 4. Bb2 O-O 5.
c4 d6 6. d4 c5 7. bxc5 dxc5 8. d5 Bf5 9. Nbd2 Na6 10. a3 e6 11. dxe6 Bxe6 12.
Be2 Nc7 13. O-O Qe7 14. Qc1 Rfd8 15. Bc3 Nce8 16. Qb2 Bf5 17. Rfd1 Bd3 18. Bxd3
Rxd3 19. Nf1 Rad8 20. Rxd3 Rxd3 21. Rc1 Ne4 22. Bxg7 Nxg7 23. Ng3 Nxg3 24. hxg3
1/2-1/2

[Event "YC 2019 Simultan Viswanathan Anand"]
[Site "Bad Soden, H+ Hotel"]
[Date "2019.10.03"]
[Round "1.14"]
[White "Anand, Viswanathan"]
[Black "Henrici, Claus"]
[Result "1/2-1/2"]
[WhiteElo "2765"]
[BlackElo "1669"]
[PlyCount "46"]
[EventDate "2019.10.03"]
[WhiteTeam "Baden Baden"]
[BlackTeam "SC Frankfurt-West"]

{Begonnen '16:30', beendet '19:06'} 1. d4 Nf6 2. Nf3 e6 3. c3 b6 4. Bg5 Bb7 5.
Nbd2 Be7 6. Bxf6 Bxf6 7. e4 Bg5 8. Bd3 Bxd2+ 9. Qxd2 d6 10. O-O Nd7 11. Ng5 h6
12. Nh3 Qe7 13. f4 O-O-O 14. a4 a6 15. Nf2 g5 16. fxg5 Qxg5 17. Qxg5 hxg5 18.
Ng4 Rdf8 19. Rf2 Kd8 20. h3 Ke7 21. b4 Ra8 22. Raf1 Raf8 23. Ne3 Rh4 1/2-1/2

[Event "YC 2019 Simultan Viswanathan Anand"]
[Site "Bad Soden, H+ Hotel"]
[Date "2019.10.03"]
[Round "1.16"]
[White "Anand, Viswanathan"]
[Black "Svitek, Volker"]
[Result "1/2-1/2"]
[WhiteElo "2765"]
[BlackElo "2078"]
[PlyCount "76"]
[EventDate "2019.10.03"]
[WhiteTeam "Baden Baden"]
[BlackTeam "SC Frankfurt-West"]

{Begonnen '16:30', beendet '20:18'} 1. Nf3 d5 2. e3 Nf6 3. b3 Bg4 4. Bb2 e6 5.
h3 Bh5 6. c4 Nbd7 7. Nc3 c6 8. Be2 Be7 9. O-O O-O 10. d4 Ne8 11. Qc1 Nd6 12. c5
Ne4 13. b4 f5 14. b5 Qc7 15. Re1 Rf7 16. Qc2 Raf8 17. bxc6 bxc6 18. Ne5 Nxe5
19. Bxh5 g6 20. dxe5 Nxc3 21. Bxg6 hxg6 22. Bxc3 Kg7 23. Bd4 Rb8 24. Rab1 Rff8
25. Qa4 Rb7 26. Rb3 Rfb8 27. Reb1 Kf7 28. Qa6 Rxb3 29. Rxb3 Rxb3 30. axb3 Ke8
31. b4 Kd7 32. f4 Qb8 33. Qa4 Qb7 34. Kh2 a6 35. g3 Qb5 36. Qxb5 axb5 37. h4
Ke8 38. Kh3 Kf7 1/2-1/2

[Event "YC 2019 Simultan Viswanathan Anand"]
[Site "Bad Soden, H+ Hotel"]
[Date "2019.10.03"]
[Round "1.23"]
[White "Anand, Viswanathan"]
[Black "Haack, Kevin"]
[Result "1/2-1/2"]
[WhiteElo "2765"]
[BlackElo "2031"]
[PlyCount "64"]
[EventDate "2019.10.03"]
[WhiteTeam "Baden Baden"]
[BlackTeam "SC Bad Soden"]

{Begonnen '16:30', beendet '20:05'} 1. e4 c5 2. Nf3 d6 3. Nc3 Nf6 4. Bc4 Nc6 5.
d3 g6 6. O-O Bg7 7. h3 O-O 8. a3 a6 9. Ba2 b5 10. Re1 e6 11. Ne2 d5 12. exd5
Nxd5 13. c4 Nb6 14. Qc2 Nd7 15. Be3 b4 16. d4 bxa3 17. bxa3 cxd4 18. Nexd4 Nxd4
19. Bxd4 Bxd4 20. Nxd4 Qc7 21. c5 Qxc5 22. Qxc5 Nxc5 23. Rec1 Ne4 24. Rc7 Rb8
25. Nc6 Rb7 26. Ne7+ Kg7 27. Rac1 Nd6 28. Nxc8 Rxc7 29. Rxc7 Rxc8 30. Rd7 Nc4
31. Ra7 Nd2 32. Bxe6 Rc1+ 1/2-1/2

[Event "YC 2019 Simultan Viswanathan Anand"]
[Site "Bad Soden, H+ Hotel"]
[Date "2019.10.03"]
[Round "1.31"]
[White "Anand, Viswanathan"]
[Black "Koschetzki, Christian"]
[Result "1-0"]
[WhiteElo "2765"]
[BlackElo "1988"]
[PlyCount "81"]
[EventDate "2019.10.03"]
[WhiteTeam "Baden Baden"]
[BlackTeam "SVG Salzgitter"]

{Begonnen '16:30', beendet '20:38'} 1. d4 Nf6 2. Nf3 d5 3. Bf4 e6 4. Nbd2 Be7
5. e3 O-O 6. Bd3 c5 7. c3 Nc6 8. Ne5 Bd7 9. Qf3 cxd4 10. exd4 Rc8 11. O-O g6
12. Rfe1 Nh5 13. Bh6 Nxe5 14. dxe5 Ng7 15. Qe2 Re8 16. Nf3 Nf5 17. Bf4 Bf8 18.
Qd2 Bc6 19. Bg5 Be7 20. Bxe7 Qxe7 21. Bxf5 exf5 22. Nd4 Bd7 23. Re2 a6 24. Rae1
Be6 25. Re3 Qg5 26. a3 Rc5 27. g3 b5 28. h4 Qe7 29. R3e2 h5 30. f3 Rb8 31. Qe3
a5 32. Nb3 Rc4 33. Nxa5 f4 34. gxf4 Rcc8 35. Nb3 d4 36. Nxd4 Bc4 37. Rh2 Be6
38. Kf2 Kh7 39. Rg1 Qd7 40. Rhg2 Rg8 41. Rg5 1-0

[Event "YC 2019 Simultan Viswanathan Anand"]
[Site "Bad Soden, H+ Hotel"]
[Date "2019.10.03"]
[Round "1.39"]
[White "Anand, Viswanathan"]
[Black "Petry, Joachim"]
[Result "1-0"]
[WhiteElo "2765"]
[BlackElo "1484"]
[PlyCount "71"]
[EventDate "2019.10.03"]
[WhiteTeam "Baden Baden"]
[BlackTeam "SK Bad Homburg 1927"]

{Begonnen '16:30', beendet '20;21'} 1. e4 e5 2. Nf3 d6 3. Bc4 h6 4. d4 exd4 5.
Nxd4 c5 6. Nf3 Bg4 7. Bxf7+ Ke7 8. Bb3 Nc6 9. Nc3 Nd4 10. Nd5+ Kd7 11. Ne5+
dxe5 12. Qxg4+ Kc6 13. c3 Nxb3 14. axb3 Qd7 15. Qxd7+ Kxd7 16. Nb6+ axb6 17.
Rxa8 Nf6 18. f3 g5 19. Kf2 Bg7 20. Rxh8 Bxh8 21. h4 g4 22. Bxh6 Ke6 23. h5 Ng8
24. Bg5 Bf6 25. Bxf6 gxf3 26. Kxf3 Nxf6 27. h6 Nh7 28. Kg4 Kf6 29. Kh5 Kf7 30.
Rf1+ Kg8 31. g4 Nf8 32. Rxf8+ Kxf8 33. g5 Kg8 34. g6 Kh8 35. Kg5 Kg8 36. Kf6
1-0

[Event "YC 2019 Simultan Viswanathan Anand"]
[Site "Bad Soden, H+ Hotel"]
[Date "2019.10.03"]
[Round "1.40"]
[White "Anand, Viswanathan"]
[Black "Schweizer, Georg"]
[Result "1/2-1/2"]
[WhiteElo "2765"]
[BlackElo "2063"]
[PlyCount "48"]
[EventDate "2019.10.03"]
[WhiteTeam "Baden Baden"]
[BlackTeam "SC Zurich"]

{Begonnen '16:30', beendet '19:14'} 1. c4 Nf6 2. Nf3 c6 3. Nc3 d5 4. e3 Bf5 5.
Qb3 Qb6 6. d4 e6 7. Nh4 Be4 8. f3 Bg6 9. Nxg6 hxg6 10. Bd2 Nbd7 11. O-O-O Qxb3
12. axb3 Bd6 13. h3 Nh5 14. Bd3 Ng3 15. Rhe1 O-O-O 16. Kc2 Rhe8 17. Ra1 Kb8 18.
Ne2 Nxe2 19. Rxe2 Bg3 20. e4 Nf6 21. Be3 Nh5 22. Rd1 Bf4 23. Bf2 Bg3 24. Be3
Bf4 1/2-1/2